|
|
|
|
| LEADER |
01567nam a2200325 a 4500 |
| 001 |
20513203 |
| 008 |
090512c1982 ch ar i0 a0eng d |
| 010 |
|
|
|a sn89-28835
|
| 040 |
|
|
|a HUL
|c HUL
|d AGL
|d NST
|d OSU
|
| 082 |
0 |
4 |
|a 635/.0913
|
| 245 |
0 |
0 |
|a Asian Vegetable Research and Development Center
|b progress report
|p 1981
|
| 246 |
1 |
0 |
|a Asian Vegetable Research and Development Center progress report
|
| 246 |
1 |
0 |
|a AVRDS [sic] progress report
|
| 260 |
|
|
|a Shanhua, Taiwan :
|b Asian Vegetable Research and Development Center,
|c [1982-
|
| 300 |
|
|
|a ii,85 p. :
|b ill. ;
|c 25 cm
|
| 310 |
|
|
|a Annual
|
| 362 |
0 |
|
|a 1981-168
|
| 490 |
1 |
|
|a AVRDC publication
|
| 500 |
|
|
|a Contains condensed reports of the Center's Progress report
|
| 500 |
|
|
|a Vol. for 1981 called incorrectly: AVRDS progress report
|
| 541 |
1 |
|
|e 00000004
|
| 610 |
2 |
0 |
|a Asian Vegetable Research and Development Center
|x Periodicals
|
| 650 |
|
|
|z Tropics
|x Periodicals
|
| 650 |
|
|
|x Breeding
|x Periodicals
|
| 710 |
2 |
0 |
|a Asian Vegetable Research and Development Center
|
| 830 |
0 |
|
|a AVRDC publication
|
| 852 |
4 |
|
|a Ayesha Abed Library
|j Generalshelf
|
| 999 |
|
|
|c 602
|d 602
|
| 952 |
|
|
|0 0
|1 0
|2 ddc
|4 0
|6 635_091300000000000_AVR_1982
|7 0
|8 NFIC
|9 551
|a BRACUL
|b BRACUL
|c GEN
|d 2009-05-12
|g 0.00
|l 0
|o 635.0913 AVR
|p 3010000004
|r 2016-08-30
|t 1
|w 2009-05-12
|y BK
|x No price found in the accession register.
|
| 952 |
|
|
|0 0
|1 0
|2 ddc
|4 0
|6 635_091300000000000_AVR_1982
|7 0
|8 NFIC
|9 10717
|a BRACUL
|b BRACUL
|c GEN
|d 2010-06-08
|g 0.00
|l 0
|o 635.0913 AVR
|p 3010000003
|r 2016-08-30
|t 2
|w 2010-06-08
|y BK
|x No price found in the accession register.
|